Szczegóły MARC21

Stock market rules : 50 of the most widely held investment axioms explained, examined, and exposed /

003 -Nazwa inst., której nr kontr. jest w polu 001 [,]
    • @
    • Nazwa instytucji, której n kontrolny jest w polu 001
    • NUKAT
005 -DATA I CZAS OSTATNIEJ MODYFIKACJI [,]
    • @
    • pole kontrolne
    • 20241231112550.0
020 -Międzynarod. znormalizowany nr książki - ISBN [ , ]
    • a
    • Numer ISBN
    • 9780071803250 Find
020 -Międzynarod. znormalizowany nr książki - ISBN [ , ]
    • a
    • Numer ISBN
    • 9780071803267 Find
    • q
    • Dopowiedzenie
    • e-ISBN
020 -Międzynarod. znormalizowany nr książki - ISBN [ , ]
    • a
    • Numer ISBN
    • 0071803254 Find
    • q
    • Dopowiedzenie
    • MHID
020 -Międzynarod. znormalizowany nr książki - ISBN [ , ]
    • a
    • Numer ISBN
    • 0071803262 Find
    • q
    • Dopowiedzenie
    • e-MHID
040 -Instytucja sporządzająca opis [ , ]
    • a
    • Instytucja, która sporządziła opis (NP)
    • WA 14/MK
    • b
    • Język katalogowania
    • pol
    • e
    • Zasady katalogowania
    • rda
    • c
    • Instytucja, która sporządziła rekord (NP)
    • WA 14/MK
    • d
    • Instytucja, która zmodyfikowała rekord (P)
    • SZCZ U/JS
    • d
    • Instytucja, która zmodyfikowała rekord (P)
    • SZCZ U/JSs
942 -Rodzaj dokumentu [ , ]
    • c
    • Rodzaj dokumentu
    • Książka
100 -Hasło główne - nazwa osobowa [1, ]
    • a
    • Nazwa osobowa (NP)
    • Sheimo, Michael D.
    • d
    • Daty biograficzne (NP)
    • (1944- ).
    • e
    • Rodzaj współpracy
    • Autor
    • 9
    • KHW
    • 84771
245 -Strefa tytułu i oznaczenia odpowiedzialności [1,0]
    • a
    • Tytuł
    • Stock market rules : Find
    • b
    • Ciąg dalszy tytułu (NP)
    • 50 of the most widely held investment axioms explained, examined, and exposed / Find
    • c
    • Pozostałe elementy strefy tytułu i oznaczenia odpowiedzialności (NP)
    • Michael D. Sheimo.
250 -Strefa wydania [ , ]
    • a
    • Oznaczenie wydania (NP)
    • 4th edition.
260 -Strefa adresu wydawniczego [ , ]
    • a
    • Miejsce wydania (P)
    • New York [i pozostałe] :
    • b
    • Nazwa wydawcy (P)
    • McGraw Hill,
    • c
    • Data wydania (P)
    • copyright 2013.
300 -Strefa opisu fizycznego [ , ]
    • a
    • Określenie formy książki i/lub objętość (NP)
    • XIX, 391, [1] strona :
    • b
    • Oznaczenie ilustracji (NP)
    • ilustracje ;
    • c
    • Format (NP)
    • 23 cm.
336 -Typ zawartości [ , ]
    • a
    • Termin opisujący typ zawartości
    • Tekst
    • b
    • Kod określający zawartość
    • txt
    • 2
    • Źródło (terminu i kodu)
    • rdacontent
337 -Typ mediów [ , ]
    • a
    • Tryb odtwarzania
    • Bez urządzenia pośredniczącego
    • b
    • Kod typu mediów
    • n
    • 2
    • Źródło (terminu i kodu)
    • rdamedia
338 -Typ/rodzaj nośnika [ , ]
    • a
    • Hasło opisujące typ nośnika
    • Wolumin
    • b
    • Kod typu nośnika
    • nc
    • 2
    • Źródło (terminu i kodu)
    • rdacarrier
504 -Uwaga dot. bibliogr. załącznikowej [ , ]
    • a
    • Uwaga dot. bibliografii załącznikowej
    • Indeks.
080 -Uniwersalna Klasyfikacja Dziesiętna [ , ]
    • 2
    • Identyfikator wydania tablic
    • UDC-P058
    • 9
    • UKD
    • 3200
    • a
    • Symbol klasyfikacji
    • 336.764/.768
    • b
    • Dopowiedzenie
    • Transakcje giełdowe. Obrót papierów wartościowych. Lokowanie kapitału w papierach wartościowych. Zarządzanie majątkiem prywatnym (w formie papierów wartościowych).
    • 4
    • UKD2
    • 7644
    • x
    • Poddział wspólny
    • =111
    • c
    • Dopowiedzenie poddz. wspólnego
    • =Język angielski.
650 -Hasło przedmiotowe [ ,7]
    • a
    • Hasło przedmiotowe
    • Giełda
    • v
    • Określnik formalny
    • poradniki.
    • 2
    • Źródło terminu
    • kaba
    • 9
    • KHW
    • 352628
980 -Symbol UKD [ , ]
    • a
    • UKD
    • 336.764/.768=111
710 -Hasło dodatkowe - nazwa ciała zbiorowego [2, ]
    • a
    • Nazwa ciała zbiorowego lub nazwa geograficzna jako pierwszy element (NP)
    • McGraw-Hill Companies.
    • e
    • Rodzaj współpracy
    • Wydawca
    • 4
    • Kod relacji
    • pbl
    • 9
    • KHW
    • 50887
920 -ISBN [ , ]
    • a
    • ISBN
    • 978-0-07-180325-0 Find
920 -ISBN [ , ]
    • a
    • ISBN
    • 978-0-07-180326-7 Find
    • q
    • Dopowiedzenie
    • e-ISBN
920 -ISBN [ , ]
    • a
    • ISBN
    • 0-07-180325-4 Find
    • q
    • Dopowiedzenie
    • MHID
920 -ISBN [ , ]
    • a
    • ISBN
    • 0-07-180326-2 Find
    • q
    • Dopowiedzenie
    • e-MHID
Sygnatura Numer inwentarzowy Status udost. Data inwentaryzacji Lokalizacja
T.17271T.17271-22014-06-09T